Top 10 Newest U.S. States - Statistics

General Stats
  • This quiz has been taken 86,639 times
  • The average score is 8 of 10
Answer Stats
Year US State % Correct
1959 Hawaii
97%
1959 Alaska
96%
1912 New Mexico
87%
1912 Arizona
82%
1889 Washington
79%
1889 Montana
78%
1890 Idaho
75%
1896 Utah
73%
1890 Wyoming
71%
1907 Oklahoma
59%
No matching quizzes found
Score Distribution
Percent of People with Each Score
Percentile by Number Answered
Your Score History
You have not taken this quiz